000 00372 a2200169 4500
001 184056
020 _a85-262-4860-X
040 _cMagnum
100 _aTucci, Willian
240 1 0 _aA rebelião dos acentos
_lpor
245 1 0 _aA rebelião dos acentos
300 _a39
362 0 _a2003
440 1 _aScipione
697 _aLITERATURA INFANTO-JUVENIL
942 _cBK
999 _c184056
_d184056